Oeuvres choisies: en trois volumes
Gespeichert in:
| Hauptverfasser: | , |
|---|---|
| Format: | Unbekannt |
| Sprache: | Russian |
| Veröffentlicht: |
Rusia:
Editions du Progres,
1970-
|
| Schlagworte: | |
| Tags: |
Tag hinzufügen
Keine Tags, Fügen Sie den ersten Tag hinzu!
|
MARC
| LEADER | 000000000a22000000004500 | ||
|---|---|---|---|
| 001 | 000287 | ||
| 008 | 140610s1970 -u |||f |||| 011 0drus d | ||
| 041 | 0 | |a francés | |
| 082 | 0 | |a 335.4 |b M392o | |
| 100 | 1 | |a Marx, Karl, 1818-1883 | |
| 100 | 1 | |a Engels, Friedrich, 1820-1895 | |
| 245 | 1 | 0 | |a Oeuvres choisies: |b en trois volumes |c Karl Marx et Friedrich Engels |
| 260 | |a Rusia: |b Editions du Progres, |c 1970- | ||
| 300 | |a volúmenes | ||
| 500 | |a Número de inscripción 01731 -- La Biblioteca contiene: v.1 | ||
| 650 | 4 | |a COMUNISMO | |
| 650 | 4 | |a SOCIALISMO | |
| 942 | |2 ddc |c BK | ||
| 999 | |c 1104 |d 1104 | ||
